00682nam a22001817a 450000500170000001000150001702000300003203500140006203700130007608200080008910000190009724500610011625000080017726000680018527001560025330000710040970000200048020201217161027.0 aENG-128698 a978-93-534-3786-2c415.00 aEN-112230 bDBAD/PUB a425 aAzar, Betty S. aBasic English Grammer/cBetty S. Azar and Stacy A.Hagen a4th aUttar PradeshbPearson India Education Services Pvt. Ltd.c2019 bUttar Pradeshe201301a15th Floor, Tower-B, World Trade Tower, Plot No.- 1, Block-C, Sector-16, Noidamcompanysecretary.india@pearson.comk044-66540100 axii+510p..c25cm(pbk)bIncluding, Tables, Illustrations and Index. aHagen, Stacy A.